| 000 | 00611nam a22001697a 4500 | ||
|---|---|---|---|
| 999 |
_c15686 _d15686 |
||
| 008 | 201022b ||||| |||| 00| 0 eng d | ||
| 020 | _a9715421652 | ||
| 082 |
_21999 _aDFil 899.2112008 _bT49 |
||
| 100 |
_aTiongson, Nicanor G. _942451 |
||
| 245 |
_aPhilippine theatre: _bhistory and anthology 3 (Sinakulo)/ _cNicanor G. Tiongson |
||
| 260 |
_aQuezon City: _bUP Press, _c©1999. |
||
| 300 |
_aviii, 1103 pages: _billustrations; _c23 cm. |
||
| 650 |
_aPhilippine drama--History and criticism. _942452 |
||
| 650 |
_a Theater--Philippines--History. _942453 |
||
| 650 |
_aPhilippine drama. _942454 |
||
| 942 |
_2ddc _cDFIL |
||